Zwischen Ideologie und Pragmatik: zu den historischen Voraussetzungen der Religionspolitik von KPD und SED
| Auteur principal: | |
|---|---|
| Type de support: | Imprimé Article |
| Langue: | Allemand |
| Vérifier la disponibilité: | HBZ Gateway |
| Interlibrary Loan: | Interlibrary Loan for the Fachinformationsdienste (Specialized Information Services in Germany) |
| Publié: |
1999
|
| Dans: |
Religionspolitik in Deutschland
Année: 1999, Pages: 241-259 |
| Sujets / Chaînes de mots-clés standardisés: | B
Kommunistische Partei Deutschlands (Deutsches Reich)
/ Politique ecclésiale (motif)
/ Histoire 1918-1945
B Deutschland (bateau, 1866-1875) (DDR) / Politique ecclésiale (motif) |
| RelBib Classification: | KAJ Époque contemporaine KBB Espace germanophone |
| Sujets non-standardisés: | B
DDR / Deutsche Demokratische Republik
B Politique religieuse B Sozialistische Einheitspartei Deutschlands B Kommunistische Partei Deutschlands B church-state relations B Histoire B Verhältnis Staat-Kirche B GDR / German Democratic Republic |
MARC
| LEADER | 00000caa a22000002c 4500 | ||
|---|---|---|---|
| 001 | 1443836443 | ||
| 003 | DE-627 | ||
| 005 | 20240619173954.0 | ||
| 007 | tu | ||
| 008 | 121112s1999 xx ||||| 00| ||ger c | ||
| 020 | |a 3170159828 | ||
| 035 | |a (DE-627)1443836443 | ||
| 035 | |a (DE-576)373836449 | ||
| 035 | |a (DE-599)BSZ373836449 | ||
| 040 | |a DE-627 |b ger |c DE-627 |e rakwb | ||
| 041 | |a ger | ||
| 084 | |a 1 |a 0 |2 ssgn | ||
| 100 | 1 | |0 (DE-588)115624325 |0 (DE-627)061780774 |0 (DE-576)287698505 |4 aut |a Kaiser, Jochen-Christoph |d 1948- | |
| 109 | |a Kaiser, Jochen-Christoph 1948- | ||
| 245 | 1 | 0 | |a Zwischen Ideologie und Pragmatik |b zu den historischen Voraussetzungen der Religionspolitik von KPD und SED |c Jochen-Christoph Kaiser |
| 264 | 1 | |c 1999 | |
| 336 | |a Text |b txt |2 rdacontent | ||
| 337 | |a ohne Hilfsmittel zu benutzen |b n |2 rdamedia | ||
| 338 | |a Band |b nc |2 rdacarrier | ||
| 601 | |a Ideologie | ||
| 601 | |a Pragmatik | ||
| 601 | |a Voraussetzung | ||
| 601 | |a Religionspolitik | ||
| 610 | 2 | 4 | |a Kommunistische Partei Deutschlands |
| 610 | 2 | 4 | |a Sozialistische Einheitspartei Deutschlands |
| 648 | 4 | |a Geschichte | |
| 650 | 4 | |a Religionspolitik | |
| 650 | 4 | |a Verhältnis Staat-Kirche | |
| 650 | 4 | |a Deutsche Demokratische Republik/DDR | |
| 650 | 4 | |a church-state relations | |
| 650 | 4 | |a German Democratic Republic/GDR | |
| 652 | |a KAJ:KBB | ||
| 689 | 0 | 0 | |d b |0 (DE-588)2016052-5 |0 (DE-627)10188785X |0 (DE-576)191699756 |2 gnd |a Kommunistische Partei Deutschlands |g Deutsches Reich |
| 689 | 0 | 1 | |d s |0 (DE-588)4030745-1 |0 (DE-627)10452300X |0 (DE-576)208988858 |2 gnd |a Kirchenpolitik |
| 689 | 0 | 2 | |q z |2 gnd |a Geschichte 1918-1945 |
| 689 | 0 | |5 (DE-627) | |
| 689 | 1 | 0 | |d g |0 (DE-588)4011890-3 |0 (DE-627)104732415 |0 (DE-576)20889621X |2 gnd |a Deutschland |g DDR |
| 689 | 1 | 1 | |d s |0 (DE-588)4030745-1 |0 (DE-627)10452300X |0 (DE-576)208988858 |2 gnd |a Kirchenpolitik |
| 689 | 1 | |5 (DE-627) | |
| 773 | 0 | 8 | |i In |t Religionspolitik in Deutschland |d Stuttgart : Kohlhammer, 1999 |g (1999), Seite 241-259 |h 280 S |w (DE-627)30574741X |w (DE-576)077990994 |z 3170159828 |7 nnam |
| 773 | 1 | 8 | |g year:1999 |g pages:241-259 |
| 889 | |w (DE-627)095688293 | ||
| 889 | |w (DE-627)1862936277 | ||
| 935 | |a mteo | ||
| 935 | |i mdedup | ||
| 951 | |a AR | ||
| ELC | |b 1 | ||
| ITA | |a 1 |t 1 | ||
| LOK | |0 000 xxxxxcx a22 zn 4500 | ||
| LOK | |0 001 2914301820 | ||
| LOK | |0 003 DE-627 | ||
| LOK | |0 004 1443836443 | ||
| LOK | |0 005 20160405122849 | ||
| LOK | |0 008 160404||||||||||||||||ger||||||| | ||
| LOK | |0 040 |a DE-Tue135 |c DE-627 |d DE-Tue135 | ||
| LOK | |0 092 |o n | ||
| LOK | |0 852 |a DE-Tue135 | ||
| LOK | |0 852 1 |9 00 | ||
| LOK | |0 935 |a ixfe |a ixmi | ||
| LOK | |0 936ln |0 1442044721 |a KBB | ||
| LOK | |0 936ln |0 1442044640 |a KAJ | ||
| LOK | |0 939 |a 04-04-16 |b l01 | ||
| ORI | |a SA-MARC-ixtheoa001.raw | ||
| REF | |a Parteiengeschichte,Staat-Kirche-Verhältnis | ||
| REL | |a 1 | ||
| STA | 0 | 0 | |a Church politics (motif),Church policy,Confessional policy,Religious policy,Religious policy,Church policy |
| STB | 0 | 0 | |a Politique ecclésiale (motif),Politique religieuse,Politique religieuse,Politique ecclésiale,Politique religieuse |
| STC | 0 | 0 | |a Política eclesiástica,Política religiosa |
| STD | 0 | 0 | |a Politica ecclesiastica,Politiche religiose |
| STE | 0 | 0 | |a 宗教政策,教会政策 |
| STF | 0 | 0 | |a 宗教政策,教會政策 |
| STG | 0 | 0 | |a Política eclesiástica,Política religiosa |
| STH | 0 | 0 | |a Религиозная политика,Церковная политика |
| STI | 0 | 0 | |a Θρησκευτική πολιτική,Πολιτική της Εκκλησίας,Εκκλησιαστική πολιτική |
| SUB | |a REL | ||
| SYB | 0 | 0 | |a KPD,KPD Westdeutschland,KPD,KPD,KPD,Kommunistische Partei Deutschlands (Spartakusbund),Kommunistische Internationale,Kommunistische Partei Deutschlands,Communist International,Kommuistische Partei Deutschlands,Parti Communiste d'Allemagne,PCA , SED,Deutschland,Sozialistische Einheitspartei Deutschlands,Sozialistische Einheitspartei Deutschlands,Zentralkomitee,Socialističeskaja Edinaja Partija Germanii,SEPG,Socialist Unity Party of Germany,Parti Socialiste Unifié d'Allemagne,Partido Socialista Unificado de Alemania,Partito Socialista Unificato di Germania,Partido Socialista Unificado da Alemanha,Socjalistyczna Partia Jedności Niemiec,Niemiecka Socjalistyczna Partia Jedności,Socialistische Eenheidspartij van Duitsland,Tysklands socialistiska enhetsparti,Sozialistische Einheitspartei Deutschlands,Zentralkomitee,Abteilung Propaganda,Sozialistische Einheitspartei Deutschlands,Zentralkomitee,Abteilung Wissenschaft und Propaganda |
| SYG | 0 | 0 | |a KPD,KPD Westdeutschland,KPD,KPD,KPD,Kommunistische Partei Deutschlands (Spartakusbund),Kommunistische Internationale,Kommunistische Partei Deutschlands,Communist International,Kommuistische Partei Deutschlands,Parti Communiste d'Allemagne,PCA , Konfessionspolitik , DDR,Deutsche Demokratische Republik,Germany,Amerikanische Zone Deutschlands,BRD,Britische Zone Deutschlands,Bundesrepublik Deutschland,Französische Zone Deutschlands,Vereinigtes Wirtschaftsgebiet Deutschlands,BRD,Bundesrepublik Deutschland , Vereinigtes Wirtschaftsgebiet,Bizone,Verwaltung des Vereinigten Wirtschaftsgebietes,Französische Zone,Zone Française d'Occupation,Französische Besatzungszone,ZFO,Britische Zone,British occupation zone,Britische Besatzungszone,British Zone of Control,Britisches Kontrollgebiet,British Element,Britisches Element,Sowjetische Zone,Russische Zone,Sowjetische Besatzungszone,Russische Besatzungszone,Sowjetische Besatzungszone Deutschlands,Sowjetische Besatzungszone in Deutschland,Sowjetisch Besetzte Zone,Sowjetzone,Ostzone,SBZ,Länder,Westliche Bundesländer,Alte Bundesländer,Deutschland,Westdeutschland,Deutschland,Westzonen,Westliche Besatzungszonen,Trizone,Amerikanische Zone,American occupation zone,Amerikanische Besatzungszone,ABZ,United States Area of Control,Amerikanisches Kontrollgebiet,U.S. zone of occupation,United States Zone,U.S. Zone,US-Zone,Deutsche Demokratische Republik,DDR,Deutschland,German Democratic Republic,GDR,République Démocratique Allemande,RDA,Germanskaja Demokratičeskaja Respublika,Demokratičeskaja Respublika,Democratic Republic,Demokratische Republik,Niemiecka Republika Demokratyczna,NRD,Ǧumhūrīyat Almāniyā ad-Dīmuqrāṭīya,República Democrática Alemana,Saksan Demokraattisen Tasavallan,Repubblica Democratica Tedesca,Mitteldeutschland,Ostdeutschland,East Germany,Ostzone,Östliche Bundesländer,Neue Bundesländer,Länder,Deutschland,Ostdeutschland,Deutschland,Deutschland,Alemanha,Alemania,Allemagne,Almanija,Almāniyā,Bondsrepubliek Duitsland,BRD,BRD,Bundesrepublik Deutschland,Deutschland,Deutschland,Federal Republic of Germany,Förbundsrepubliken Tyskland,Förbundsrepublikken Tyskland,FRG,Germany,Németországi Szövetségi Kőztársaság,Niemiecka Republika Federalna Niemiecka Republika Federalna,NRF,Repubblica Federale di Germania,Republic of Germany,República Federal da Alemanha,República Federal de Alemania,Republik Federasi Djerman,Republika Federalna Niemiec,République Fédérale d'Allemagne,RFN,Saksan Liittotasavalta,Westdeutschland,Deutsche Länder,Germany,Heiliges Römisches Reich,Rheinbund,Deutscher Bund,Norddeutscher Bund,Deutsches Reich,Deutschland,Deutschland,BRD,Federal Republic of Germany,Republic of Germany,Allemagne,Ǧumhūrīyat Almāniyā al-Ittiḥādīya,Bundesrepublik Deutschland,BRD,Niemcy,République Fédérale d'Allemagne,Repubblica Federale di Germania,Germanija,Federativnaja Respublika Germanija,FRG,Deyizhi-Lianbang-Gongheguo , Konfessionspolitik |
| TIM | |a 100019180101_100019451231 |b Geschichte 1918-1945 | ||



